00690nam a2200145Ia 4500041001200000082001200012100009900024245015900123260006600282300001500348536004600363650004200409650004800451650004500499 aEnglish aRL.0047 aLakshmi, P. AdiuP.V.P. Siddhartha Institute of TechnologyvKanuru, Vijayawada, Andhra Pradesh 4aThe role of micro finance in the Empowerment of women :bAn empirical study with special reference to Krishna District, Andhra Pradesh / cP. Adi Lakshmi aNew Delhi :bIndian Council of Social Science Research,c2013 avii, 154p. aIndian Council of Social Science Research aMicro Finance zAndhra Pradesh, India aWomen in developmentzAndhra Pradesh, India aFinance, PersonalzAndhra Pradesh, India